Persian Gulf Oil : Its Critical Importance to World Oil Supplies.

Discusses world oil consumption and production, and the implications of oil resources concentration in the Persian Gulf region for relations among nations and for economic well-being.

Bibliographic Details
Corporate Authors: Library of Congress. Congressional Research Service, ProQuest (Firm)
Format: eBook
Language:English
Published: [Place of publication not identified] : [publisher not identified], 1991-1992.
Series:U.S. Congressional Research.
Subjects:
Online Access:Connect to the full text of this electronic book

MARC

Tag First Indicator Second Indicator Subfields
LEADER 00000cam a22000001a 4500
001 in00003369521
006 m d f
007 cr bn mmmapmmp
008 100703m19911992dcu o f000 0 eng d
005 20260429204118.5
035 |a cis2007885079 
040 |a ProQuest  |c ProQuest  |d UtOrBLW 
043 |a n-us--- 
099 |a CRS-1991-SPR-0026 
110 2 |a Library of Congress.  |b Congressional Research Service. 
245 1 0 |a Persian Gulf Oil :  |b Its Critical Importance to World Oil Supplies. 
264 1 |a [Place of publication not identified] :  |b [publisher not identified],  |c 1991-1992. 
300 |a 1 online resource. 
336 |a text  |b txt  |2 rdacontent 
337 |a computer  |b c  |2 rdamedia 
338 |a online resource  |b cr  |2 rdacarrier 
500 |a Record is based on bibliographic data in ProQuest U.S. Congressional Research Digital Collection (last viewed July 2010). Reuse except for individual research requires license from ProQuest, LLC. 
500 |a CRS Report. 
520 |a Discusses world oil consumption and production, and the implications of oil resources concentration in the Persian Gulf region for relations among nations and for economic well-being. 
500 |a Electronic resource. 
650 0 |a International relations. 
650 0 |a Petroleum industry and trade. 
655 7 |a Electronic books.  |2 local 
710 2 |a ProQuest (Firm) 
776 0 8 |i Microfiche version:   |a Library of Congress. Congressional Research Service.  |t Persian Gulf Oil 
830 0 |a U.S. Congressional Research. 
856 4 0 |u http://proxy.library.tamu.edu/login?url=https://congressional.proquest.com/congcomp/getdoc?CRDC-ID=CRS-1991-SPR-0026  |z Connect to the full text of this electronic book  |t 0 
999 |a MARS 
999 f f |s c5f6d32a-b7ef-364c-a2f4-1a9b3328dcd8  |i 48fe8738-053f-34a2-a2b6-ca7800b1ac36  |t 0 
952 f f |a Texas A&M University  |b College Station  |c Electronic Resources  |s www_evans  |d Available Online  |t 0  |e CRS-1991-SPR-0026  |h Other scheme 
998 f f |a CRS-1991-SPR-0026  |t 0  |l Available Online